Tabla periódica de los elementos (Símbolos) Quiz - Estadísticas

Estadísticas generales
  • Esta prueba ha sido intentada 74.420 veces
  • La puntuación promedio es 65 de 118
Estadísticas de respuestas
Elemento Símbolo % Correcto
1 Hidrógeno H
99%
6 Carbono C
96%
3 Litio Li
96%
7 Nitrógeno N
96%
8 Oxígeno O
96%
5 Boro B
95%
4 Berilio Be
95%
9 Flúor F
95%
2 Helio He
95%
12 Magnesio Mg
93%
10 Neón Ne
93%
13 Aluminio Al
92%
17 Cloro Cl
90%
14 Silicio Si
90%
20 Calcio Ca
89%
18 Argón Ar
88%
11 Sodio Na
87%
15 Fósforo P
87%
19 Potasio K
86%
24 Cromo Cr
84%
28 Níquel Ni
83%
35 Bromo Br
82%
22 Titanio Ti
82%
27 Cobalto Co
81%
25 Manganeso Mn
81%
16 Azufre S
81%
23 Vanadio V
81%
31 Galio Ga
79%
32 Germanio Ge
79%
36 Kriptón Kr
79%
34 Selenio Se
79%
26 Hierro Fe
78%
37 Rubidio Rb
78%
33 Arsénico As
75%
30 Cinc Zn
75%
29 Cobre Cu
73%
21 Escandio Sc
70%
56 Bario Ba
67%
49 Indio In
66%
54 Xenón Xe
66%
53 Yodo I
65%
47 Plata Ag
64%
55 Cesio Cs
64%
48 Cadmio Cd
63%
38 Estroncio Sr
63%
79 Oro Au
60%
52 Telurio Te
59%
44 Rutenio Ru
58%
57 Lantano La
57%
88 Radio Ra
57%
58 Cerio Ce
56%
87 Francio Fr
56%
43 Tecnecio Tc
56%
46 Paladio Pd
55%
42 Molibdeno Mo
54%
41 Niobio Nb
54%
84 Polonio Po
53%
50 Estaño Sn
53%
39 Itrio Y
53%
83 Bismuto Bi
51%
59 Praseodimio Pr
50%
78 Platino Pt
50%
74 Wolframio W
50%
85 Astato At
49%
81 Talio Tl
49%
77 Iridio Ir
48%
60 Neodimio Nd
48%
76 Osmio Os
48%
63 Europio Eu
47%
92 Uranio U
47%
80 Mercurio Hg
46%
75 Renio Re
46%
89 Actinio Ac
45%
64 Gadolinio Gd
45%
86 Radón Rn
45%
62 Samario Sm
45%
65 Terbio Tb
45%
82 Plomo Pb
44%
73 Tantalio Ta
44%
68 Erbio Er
43%
51 Antimonio Sb
43%
72 Hafnio Hf
42%
61 Prometio Pm
42%
40 Circonio Zr
42%
67 Holmio Ho
41%
93 Neptunio Np
41%
71 Lutecio Lu
40%
95 Americio Am
39%
45 Rodio Rh
39%
94 Plutonio Pu
35%
98 Californio Cf
33%
107 Bohrio Bh
32%
97 Berkelio Bk
32%
102 Nobelio No
32%
105 Dubnio Db
31%
100 Fermio Fm
31%
108 Hassio Hs
31%
101 Mendelevio Md
31%
99 Einstenio Es
30%
104 Rutherfordio Rf
30%
103 Lawrencio Lr
28%
109 Meitnerio Mt
28%
106 Seaborgio Sg
26%
111 Roentgenio Rg
25%
112 Copernicio Cn
24%
110 Darmstadio Ds
24%
114 Flerovio Fl
23%
66 Disprosio Dy
22%
69 Tulio Tm
22%
116 Livermorio Lv
21%
91 Protactinio Pa
20%
90 Torio Th
20%
70 Iterbio Yb
20%
96 Curio Cm
16%
118 Ununoctio Uuo
5%
115 Ununpentio Uup
5%
117 Ununseptio Uus
5%
113 Ununtrio Uut
5%
No se encontraron pruebas coincidentes
Distribución de puntuación
Porcentaje de gente con cada puntuación
Porcentaje por número respondido
Historial de tus puntuaciones
No has intentado esta prueba.